000 00521nam a22001697a 4500
005 20251108165435.0
008 250721s1982 xx 000 0 ara d
082 1 4 _aم/016.9261/فؤا
100 1 _aقزانجي، فؤاد يوسف
245 1 0 _aالمرجع في دراسة حنين بن إسحق /
264 1 _aبغداد :
_bوزالرة الثقافة والإعلام،
_c1982.
300 _a64ص.
650 1 7 _aالببليوغرافيات
650 1 7 _aالأطباء
942 _2ddc
_cREF
999 _c28002
_d28002